00000000nam##2200000za#4500
0019.648134
003CaOODSP
00520250313104923
007ta
008150407|2000||||xxc|||||     f|0| 0 eng|d
020 |a0-660-18516-4
040 |aCaOODSP|beng
043 |an-cn---
0861 |aW93-20/2001E
1101 |aCanada. |bNational Capital Commission.
24512|aA capital adventure
260 |aOttawa - Ontario : |bNational Capital Commission |c2001 (copyright 2000).
300 |a141p. : |bcoloured illus. ; |c22 cm.
500 |a"The National Capital Commission presents: a discovery guide to Canada's capital region". "Featuring six walking tours and three driving routes, with maps and desriptions".
5203 |aThis guide is for discovering the National Capital Region, including Gatineau. It is equally useful for people visiting the region or residents who would like to enjoy its many national institutions, attractions, and landmarks. It outlines six walking tours (such as a walk through the Parliament Buildings, Supreme Court, and Bank of Canada) and three driving tours, and includes aerial maps, 500 colour photos, feature articles, and details on visitor services. Lists major events such as Canada Day and Winterlude.
563 |aSoftcover
590 |a03-39|b2003-09-26
69007|aHandbooks|2gcpds
69007|aNational Capital|2gcpds
77508|tUne aventure dans la capitale |w(CaOODSP)9.681477